Akta Mahkamah Kehakiman 1964 (Akta 91) : (Record no. 4530)

000 -LEADER
fixed length control field nam a22 a 4500
003 - CONTROL NUMBER IDENTIFIER
control field AKMAL
005 - DATE AND TIME OF LATEST TRANSACTION
control field 20170531094825.0
008 - FIXED-LENGTH DATA ELEMENTS--GENERAL INFORMATION
fixed length control field 1 s2012 my | e l 000 0 may d
020 ## - INTERNATIONAL STANDARD BOOK NUMBER
International Standard Book Number 9789678918688 (kkt.) :
Terms of availability RM12.50
040 ## - CATALOGING SOURCE
Transcribing agency AKMAL
082 04 - DEWEY DECIMAL CLASSIFICATION NUMBER
Classification number 347.595013 MAL
Edition number 22
090 00 - LOCALLY ASSIGNED LC-TYPE CALL NUMBER (OCLC); LOCAL CALL NUMBER (RLIN)
Classification number (OCLC) (R) ; Classification number, CALL (RLIN) (NR) 347.595013
Local cutter number (OCLC) ; Book number/undivided call number, CALL (RLIN) MAL
110 1# - MAIN ENTRY--CORPORATE NAME
Corporate name or jurisdiction name as entry element Malaysia
9 (RLIN) 400
245 10 - TITLE STATEMENT
Title Akta Mahkamah Kehakiman 1964 (Akta 91) :
Remainder of title (hingga 10hb Mac 2012) /
Statement of responsibility, etc. disusun oleh : Lembaga Penyelidikan Undang-undang
260 ## - PUBLICATION, DISTRIBUTION, ETC.
Place of publication, distribution, etc. Petaling Jaya :
Name of publisher, distributor, etc. International Law Book Services,
Date of publication, distribution, etc. 2012
300 ## - PHYSICAL DESCRIPTION
Extent 65ms. ;
Dimensions 24cm.
490 1# - SERIES STATEMENT
Series statement Undang-undang Malaysia
650 10 - SUBJECT ADDED ENTRY--TOPICAL TERM
Topical term or geographic name entry element Court administration
Geographic subdivision Malaysia
9 (RLIN) 8757
650 20 - SUBJECT ADDED ENTRY--TOPICAL TERM
Topical term or geographic name entry element Courts
General subdivision Law and legislation
Geographic subdivision Malaysia
9 (RLIN) 8758
710 2# - ADDED ENTRY--CORPORATE NAME
Corporate name or jurisdiction name as entry element Lembaga Penyelidikan Undang-Undang
9 (RLIN) 8759
830 #0 - SERIES ADDED ENTRY--UNIFORM TITLE
Uniform title UNDANG-UNDANG MALAYSIA
9 (RLIN) 8760
942 ## - ADDED ENTRY ELEMENTS (KOHA)
Source of classification or shelving scheme
Koha item type Book
Holdings
Withdrawn status Lost status Source of classification or shelving scheme Damaged status Not for loan Collection code Home library Current library Shelving location Date acquired Inventory number Total Checkouts Full call number Barcode Date last seen Price effective from Koha item type
          NON-FICTION AKMAL Melaka AKMAL Melaka PINJAMAN 31.05.2017 306257   347.595013 MAL 201707163 31.05.2017 31.05.2017 Book
Pusat Sumber Maklumat Dato' Haji Sarmin Md Hussin, Akademi Kastam Diraja Malaysia, Melaka
Tel: 06-2331106 | Faks: 06-2313787